| 000 | 00677nam a2200289Ia 4500 | ||
|---|---|---|---|
| 008 | 210210b2005 xxu||||| |||| 00| 0 eng d | ||
| 020 | _a9788173196034 | ||
| 041 | _aeng | ||
| 082 | _a530.41 WAHS | ||
| 100 | _aWAHAB (M A) | ||
| 245 | _aSolid state physics: structure and properties of materials Ed 2 | ||
| 250 | _a | ||
| 260 |
_aNew Delhi _bNarosa Publishing House _c2005 |
||
| 300 | _axxiv,596 | ||
| 650 | _astructure | ||
| 650 | _astate | ||
| 650 | _aSolid | ||
| 650 | _aproperties | ||
| 650 | _aphysics: | ||
| 650 | _aof | ||
| 650 | _amaterials | ||
| 650 | _aEd | ||
| 650 | _aand | ||
| 650 | _a2 | ||
| 690 | _aSolid State Physics | ||
| 906 | _a067801 | ||
| 999 |
_c152013 _d152013 |
||